<?xml version="1.0" encoding="UTF-8"?>
<record
    xmlns:xsi="http://www.w3.org/2001/XMLSchema-instance"
    xsi:schemaLocation="http://www.loc.gov/MARC21/slim http://www.loc.gov/standards/marcxml/schema/MARC21slim.xsd"
    xmlns="http://www.loc.gov/MARC21/slim">

  <leader>00342nam a2200145   4500</leader>
  <controlfield tag="005">20251122115750.0</controlfield>
  <datafield tag="082" ind1=" " ind2=" ">
    <subfield code="a">536.7</subfield>
    <subfield code="b">GUN</subfield>
  </datafield>
  <datafield tag="100" ind1=" " ind2=" ">
    <subfield code="a">Gunasinghe, R.M. &amp; et al</subfield>
    <subfield code="9">819</subfield>
  </datafield>
  <datafield tag="245" ind1=" " ind2=" ">
    <subfield code="a">Heat; unit I/</subfield>
  </datafield>
  <datafield tag="250" ind1=" " ind2=" ">
    <subfield code="a">2 ed.</subfield>
  </datafield>
  <datafield tag="260" ind1=" " ind2=" ">
    <subfield code="a">Nawala:</subfield>
    <subfield code="b">OUSL,</subfield>
    <subfield code="c">2012.</subfield>
  </datafield>
  <datafield tag="300" ind1=" " ind2=" ">
    <subfield code="a">186p.</subfield>
  </datafield>
  <datafield tag="650" ind1=" " ind2=" ">
    <subfield code="a">Gases, Temperature,Solids,liquids.</subfield>
    <subfield code="9">836</subfield>
  </datafield>
  <datafield tag="942" ind1=" " ind2=" ">
    <subfield code="c">BK</subfield>
  </datafield>
  <datafield tag="999" ind1=" " ind2=" ">
    <subfield code="c">5177</subfield>
    <subfield code="d">5177</subfield>
  </datafield>
  <datafield tag="952" ind1=" " ind2=" ">
    <subfield code="0">0</subfield>
    <subfield code="1">0</subfield>
    <subfield code="7">0</subfield>
    <subfield code="a">MLCampus</subfield>
    <subfield code="b">MLCampus</subfield>
    <subfield code="c">GEN</subfield>
    <subfield code="d">2025-11-11</subfield>
    <subfield code="e">purchased</subfield>
    <subfield code="g">60390.00</subfield>
    <subfield code="l">0</subfield>
    <subfield code="o">536.7GUN</subfield>
    <subfield code="p">007680</subfield>
    <subfield code="r">2025-11-22 11:58:24</subfield>
    <subfield code="w">2025-11-22</subfield>
    <subfield code="y">BK</subfield>
  </datafield>
</record>
